Statistics for COP Host Cities

Click here to take the quiz!

General Stats

  • This quiz has been taken 30 times
    (15 since last reset)
  • The average score is 23 of 31

Answer Stats

YearHostCity% Correct
1995GermanyBerlin
100%
2009DenmarkCopenhagen
100%
2023United Arab EmiratesDubai
100%
1996SwitzerlandGeneva
100%
2014FranceParis
100%
2013PolandWarsaw
100%
1998ArgentinaBuenos Aires
88%
2004ArgentinaBuenos Aires
88%
1997JapanKyoto
88%
2019SpainMadrid
88%
2003ItalyMilan
88%
2006KenyaNairobi
88%
2024AzerbaijanBaku
75%
2012QatarDoha
75%
2021United KingdomGlasgow
75%
2001MoroccoMarrakech
75%
2015MoroccoMarrakech
75%
2005CanadaMontreal
75%
2002IndiaNew Delhi
75%
2000NetherlandsThe Hague
75%
2001GermanyBonn
63%
1999GermanyBonn
63%
2016GermanyBonn
63%
2018GermanyBonn
63%
2011South AfricaDurban
63%
2010MexicoCancún
50%
2008PolandPoznań
50%
2007IndonesiaBali
38%
2025BrazilBelém
38%
2017PolandKatowice
38%
2022EgyptSharm El Sheikh
25%

Score Distribution

Percentile by Number Answered

Percent of People with Each Score

Your Score History

You have not taken this quiz since the last reset